000 01020nam a2200253 i 4500
001 106577
003 ES-MaACL
005 20250622051426.0
007 t|
008 061130s1980 sp ||||1| spa d
080 _a75.036(100)(064.3)
245 0 0 _aPanorama de pintura naif (naturaleza y sociedad) :
_bColección Juan Ramírez de Lucas : [exposición, Ateneo de Madrid, Salas de Santa Catalina y del Prado, del 4 al 31 de marzo de 1980].
260 _aMadrid :
_bAteneo de Madrid,
_c1980.
300 _a1 h. pleg. (8 p.) :
_bil. ;
_c27 cm.
600 1 4 _aRamírez de Lucas, Juan,
_d1917-2010-
_xColecciones de arte
_9173505
610 2 4 _aAteneo de Madrid-
_vExposiciones-
_y1980-1990
_91922
650 4 _aPintura naif-
_vExposiciones.
_916067
655 7 _2tgfbne
_9193628
_aCatálogos de exposiciones
710 2 _aAteneo de Madrid.
_bSala de Santa Catalina.
_91964
710 2 _aAteneo de Madrid.
_bSala del Prado.
_91965
852 4 _aES-MaACL
_j2209-F-50
942 _2udc
999 _c106577
_d106577